History of Modern Furniture /

Guardado en:
Detalles Bibliográficos
Autor principal: Mang, Karl (autor)
Otros autores: Gabriel, John William (traducción) (traducción)
Formato: Libro
Idioma:Inglés
Publicado: Nueva York, EUA : Harry N. Abrams, 1979, c1978
Etiquetas: Agrega una etiqueta
Sin etiquetas, Sé el primero en etiquetar este registro!

MARC

LEADER 00000nam^a2200000^a^4500
001 000584032
005 20250526000000.0
009 20260310132702.855
020 |a 0-8109-1066-7 
037 |a Acervo ITESO - Biblioteca 
041 |a ING 
091 |a FCO. 00648 
100 |a Mang, Karl  |e (autor) 
245 1 0 |a History of Modern Furniture / 
264 4 |a Nueva York, EUA :  |b Harry N. Abrams,  |c 1979, c1978 
300 |a 185 p. ;  |c 28.5 cm. 
336 |a texto  |b txt  |2 rdacontenido 
337 |a sin mediación  |b n  |2 rdamedio 
338 |a volumen  |b nc  |2 rdasoporte 
649 |a XX 
700 |a Gabriel, John William  |e (traducción) 
910 |a Fondo Erich Coufal Kieswetter 
920 |a Impresos - Libros 
930 |a Libros Antiguos y Raros 
905 |a 142 
901 |a 0500412266  |b IT2  |c LRA  |i D  |u 20250526 
902 |a https://opac.biblio.iteso.mx/vufind/Record/000584032